Fiscal transparency, fiscal performance and credit ratings

Bibliographic Details
Main Author: Arbatli, Elif.
Corporate Authors: International Monetary Fund., ProQuest (Firm)
Other Authors: Escolano, Julio.
Format: Electronic eBook
Language:English
Published: Washington : International Monetary Fund, 2012.
Series:IMF working paper ; 12/156
Subjects:
Online Access:Click to View
LEADER 01338nam a2200361Ia 4500
001 EBC1606799
003 MiAaPQ
005 20200520144314.0
006 m o d |
007 cr cn|||||||||
008 111102s2012 dcua sb 000 0 eng d
020 |z 9781475504477 
020 |z 9781475571363 
035 |a (MiAaPQ)EBC1606799 
035 |a (Au-PeEL)EBL1606799 
035 |a (CaPaEBR)ebr10590661 
035 |a (OCoLC)795923824 
040 |a MiAaPQ  |c MiAaPQ  |d MiAaPQ 
050 4 |a HJ192.5  |b .A73 2012 
100 1 |a Arbatli, Elif. 
245 1 0 |a Fiscal transparency, fiscal performance and credit ratings  |h [electronic resource] /  |c prepared by Elif Arbatli and Julio Escolano. 
260 |a Washington :  |b International Monetary Fund,  |c 2012. 
300 |a 31 p. :  |b ill. 
490 0 |a IMF working paper ;  |v 12/156 
504 |a Includes bibliographical references. 
533 |a Electronic reproduction. Ann Arbor, MI : ProQuest, 2015. Available via World Wide Web. Access may be limited to ProQuest affiliated libraries. 
650 0 |a Fiscal policy. 
650 0 |a Transparency in government. 
655 4 |a Electronic books. 
700 1 |a Escolano, Julio. 
710 2 |a International Monetary Fund. 
710 2 |a ProQuest (Firm) 
856 4 0 |u https://ebookcentral.proquest.com/lib/matrademy/detail.action?docID=1606799  |z Click to View